La piel de la doncella / (Record no. 193153)

MARC details
000 -LEADER
campo de control de longitud fija 01346nam a2200361 i 4500
001 - NÚMERO DE CONTROL
campo de control 193153
003 - IDENTIFICADOR DE NÚMERO DE CONTROL
campo de control SpMaBN
005 - FECHA Y HORA DE LA ÚLTIMA TRANSACCIÓN
campo de control 20240708063028.0
007 - CAMPO FIJO DE DESCRIPCIÓN FÍSICA--INFORMACIÓN GENERAL
campo de control de longitud fija ta
008 - DATOS DE LONGITUD FIJA--INFORMACIÓN GENERAL
campo de control de longitud fija 230909s2022 sp | |||| 000 f spa
017 ## - NÚMERO DE COPYRIGHT O DE DEPÓSITO LEGAL
Número de copyright o de depósito legal GR 180-2022
Agencia que asigna Oficina Depósito Legal Granada
020 ## - NÚMERO INTERNACIONAL ESTÁNDAR DEL LIBRO
Número Internacional Estándar del Libro 9788412468878
040 ## - FUENTE DE CATALOGACIÓN
Centro catalogador/agencia de origen SpMaBN
Lengua de catalogación spa
Centro/agencia transcriptor SpMaBN
Normas de descripción rda
Centro/agencia modificador ES-MaACL
080 ## - NÚMERO DE LA CLASIFICACIÓN DECIMAL UNIVERSAL
Número de la Clasificación Decimal Universal 821.134.2-31"19"
100 1# - ENTRADA PRINCIPAL--NOMBRE DE PERSONA
Nombre de persona Madrigal, Alfonso
Títulos y otros términos asociados al nombre (seud.)
9 (RLIN) 142376
Término indicativo de función/relación Autor
245 13 - MENCIÓN DEL TÍTULO
Título La piel de la doncella /
Mención de responsabilidad, etc. Alfonso Madrigal.
264 #1 - PRODUCCIÓN, PUBLICACIÓN, DISTRIBUCIÓN, FABRICACIÓN Y COPYRIGHT
Producción, publicación, distribución, fabricación y copyright Salobreña (Granada) :
Nombre del de productor, editor, distribuidor, fabricante Alhulia,
Fecha de producción, publicación, distribución, fabricación o copyright [2022]
300 ## - DESCRIPCIÓN FÍSICA
Extensión 388 páginas ;
Dimensiones 21 cm
336 ## - TIPO DE CONTENIDO
Término de tipo de contenido Texto
Fuente rdacontent
337 ## - TIPO DE MEDIO
Nombre/término del tipo de medio sin mediación
Fuente rdamedia
338 ## - TIPO DE SOPORTE
Nombre/término del tipo de soporte volumen
Fuente rdacarrier
490 1# - MENCIÓN DE SERIE
Mención de serie Crisálida ;
Designación de volumen o secuencia 244
500 ## - NOTA GENERAL
Nota general Catalogación provisional. Signatura: N 8589. Depósito J.
655 #0 - TERMINO DE INDIZACIÓN--GENERO/FORMA
Datos o término principal de género/forma Novelas policiacas
Fuente del término tgfbne
9 (RLIN) 233840
830 ## - PUNTO DE ACCESO ADICIONAL DE SERIE-TÍTULO UNIFORME
9 (RLIN) 191393
Título uniforme Crisálida narrativa ;
Designación de volumen o secuencia 244
852 ## - LOCALIZACIÓN
Ubicación ES-MaACL
itemnumber 200489
Sublocalización o colección R.153561
Número de control de estantería N-8589
Ubicación en estantería Depósito J
Nota libre En proceso
Anotaciones manuscritas Dedicatoria autógrafa del autor
Donativo/Legado Donación: Alfonso Madrigal
903 ## - NOMBRE PERSONAL DE DONANTE
9 142376
a Madrigal, Alfonso
c (seud.)
e Donante
942 ## - ELEMENTOS DE ENTRADA SECUNDARIOS (KOHA)
Suprimir en OPAC No
Tipo de ítem Koha Libro impreso
Holdings
Estatus retirado Estado de pérdida Fuente del sistema de clasificación o colocación Estado de daño No para préstamo Colección Biblioteca de origen Biblioteca actual Ubicación en estantería Fecha de adquisición Fuente de adquisición Número de control de estantería Total de préstamos Signatura topográfica completa Código de barras Visto por última vez Precio de reemplazo Tipo de ítem Koha Nota pública
    Clasificación decimal universal     Libros con dedicatorias Biblioteca del Ateneo de Madrid Biblioteca del Ateneo de Madrid Depósito J 09/09/2023 Donación Ateneísta   N-8589 101205784 09/09/2023 09/09/2023 Libro impreso Dedicatoria autógrafa del autor